000 00853nam a2200229 a 4500
005 19820422000000.0
008 820422s1980 ii bcfj 000 0 eng
010 _aENG-92330
020 _c160.00
_a8179251349
035 _aEN-75863
037 _bDBAD / PUB
040 _adpl
_bEnglish
082 _a701.82
100 _aMulick, Milind
245 _aPerspective /
_cby Milind Mulick; English translated by Dr. Ajey Hardeekar
260 _bJyotsna Prakashan
_c2006
_aPune
270 _aDhavalgiri, 430-31, Shaniwar Peth,
_bPune
_e411030
300 _a80p.:
_c27cm (pbk)
_bcol. ill.
700 _aHardeekar, Ajey
942 _2ddc
_cEN
_mMUL
_h701.82
999 _c20431
_d20431